Harry Potter - Next Gen - Statistiques

Statistiques générales
  • Ce quiz a été pris 21 fois
  • Le résultat moyen est 12 sur 16
Statistiques - réponses
Parents Enfants % Correct
Ginny Weasley & Harry Potter Albus Severus Potter
100%
George Weasley & Angelina Johnson Fred Weasley
89%
Ron Weasley & Hermione Granger Hugo Weasley
89%
Ginny Weasley & Harry Potter James Sirius Potter
89%
Ginny Weasley & Harry Potter Lily Luna Potter
89%
Ron Weasley & Hermione Granger Rose Weasley
89%
Drago Malefoy & Astoria Greengrass Scorpius Hyperion Malefoy
89%
Remus Lupin & Nymphadora Tonks Teddy Lupin
84%
Bill Weasley & Fleur Delacour Dominique Weasley
79%
Percy Weasley & Audrey Molly Weasley
79%
Bill Weasley & Fleur Delacour Victoire Weasley
79%
Bill Weasley & Fleur Delacour Louis Weasley
68%
Percy Weasley & Audrey Lucy Weasley
58%
Luna Lovegood & Rolf Scamander Lysander Scamander
53%
George Weasley & Angelina Johnson Roxanne Weasley
53%
Luna Lovegood & Rolf Scamander Lorcan Scamander
42%
Aucun quiz correspondant
Distribution des résultats
% des personnes avec chaque résultat
Percentile par nombre de réponses
Votre historique - résultats
Vous n’avez pas pris ce quiz